Os segredos do mar (Record no. 45395)

MARC details
000 -Etiqueta do registo
Valores 00504cam a22001811 4500
100 ## - Dados gerais de processamento
Dados gerais 19931026d1942 m y0pory5003 ba
101 0# - Língua de publicação
Língua por
102 ## - País de publicação
País PT
200 1# - Titulo e menção de responsabilidade
Título próprio Os segredos do mar
Informação de outro título iniciacão oceanográfica
Primeira menção de responsabilidade Alberto Candeias
210 #9 - Publicação
Local de publicação Lisboa
Nome do editor Cosmos,
Data de publicação 1942
215 ## - Descrição física 
Paginação / Volumes 143 p.
Dimensões 19 cm
225 2# - Colecção 
Título próprio da colecção Biblioteca Cosmos.
Nome de parte ou secção Ciências e técnicas
Número de parte ou secção 1.ª secção
Indicação de volume 23
675 ## - CDU
Notação 551.46
700 #1 - Autor principal
Apelido Candeias,
Nome Alberto,
Datas 1891-1972
801 #0 - Fonte de origem
País PT
Agência BN
Regras de catalogação RPC
990 ## - Elementos KOHA
Tipo de documento Livro
Holdings
Aquisição Empréstimo Código de barras Cota Permissão de empréstimo Tipo de documento Nota relativa ao exemplar
Biblioteca Municipal de Redondo Biblioteca Municipal de Redondo 056133 551.46 CAN Consulta presencial Livro oferta de Vergílio Ambrósio

Powered by Koha